Statistics for FIFA World Cup 2022 Qualified Teams

Click here to take the quiz!

General Stats

  • This quiz has been taken 62 times
    (33 since last reset)
  • The average score is 28 of 32

Answer Stats

HintAnswerStatus% Correct
CONMEBOLArgentinaQ
96%
AFCAustraliaQ
96%
CONMEBOLBrazilQ
96%
AFCQatarHosts
96%
UEFAFranceQ
93%
UEFAGermanyQ
93%
CONCACAFUSAQ
93%
CONCACAFCanadaQ
89%
AFCJapanQ
89%
CONCACAFMexicoQ
89%
CAFMoroccoQ
89%
UEFANetherlandsQ
89%
CAFSenegalQ
89%
UEFASpainQ
89%
UEFABelgiumQ
86%
CONCACAFCosta RicaQ
86%
AFCIranQ
86%
UEFAPolandQ
86%
UEFAPortugalQ
86%
AFCSouth KoreaQ
86%
UEFASwitzerlandQ
86%
UEFAWalesQ
86%
CAFCameroonQ
82%
UEFACroatiaQ
82%
CONMEBOLEcuadorQ
82%
UEFAEnglandQ
82%
CONMEBOLUruguayQ
82%
UEFADenmarkQ
79%
AFCSaudi ArabiaQ
79%
UEFASerbiaQ
79%
CAFTunisiaQ
79%
CAFGhanaQ
75%

Score Distribution

Percentile by Number Answered

Percent of People with Each Score

Your Score History

You have not taken this quiz since the last reset